| 000 | 00544nam a2200145 4500 | ||
|---|---|---|---|
| 082 | _aMSEE-5 AYA | ||
| 100 | _aMuhammad Ayaz Zakir | ||
| 245 | _aModeling and implementation of a compact high power L-Band ASK Modulated transmitter | ||
| 260 |
_aIslamabad _bNUST-SEECS _c2017 |
||
| 300 |
_a91p. _eCD Includes |
||
| 856 | _uhttp://10.250.8.41:8080/xmlui/handle/123456789/28839 | ||
| 942 |
_2ddc _cTHE |
||
| 999 |
_c332363 _d332363 |
||